01104cam a22002651 4500001001300000003000400013005001700017008004100034010001700075035001800092040002500110042001200135050002100147100003400168245021800202260002300420300008400443490007200527504003000599650003800629650004200667810005700709810005500766999001700821gs 52000114 DLC20260227111358.0731024s1951 xx 000 0 eng  ags 52000114  a(OCoLC)726918 aDLCcOAUdOCoLCdDLC apremarc00aQE81b.A17 no. 21 aToulmin, Lyman Dorgan,d1904-00aGeology and ground-water resources of Choctaw county, Alabama,cby L. D. Toulmin, P. E. La Moreaux and C. R. Lanphere. Prepared by the U. S. Geological Survey in cooperation with the Geological Survey of Alabama. aUniversity,c1951. ax, 197 p.billus., maps (2 fold., 1 col., in pocket) diagrs., 4 tables.c23 cm.1 aAlabama. Geological Survey. Special report 21 and County report 2 aBibliography: p. 152-157. 0aGeologyzAlabamazChoctaw County. 0aGroundwaterzAlabamazChoctaw County.2 aGeological Survey of Alabama.tSpecial report ;v21.2 aGeological Survey of Alabama.tCounty report ;v2. c28634d28634